00705nam a22002057a 450000500170000001000130001702000230003003500130005303700160006604000120008208200160009410000280011024501010013826000460023927000610028530000330034650000510037965000280043065000410045820170124110221.0 aA-948880 c250.00a0195644190 aA-948880 bCen Lib/Ret aDPLbEN a954.08bFIS aFisher, Michael Herbert aIndirect rule in India : cby Michael H. Fisherbresidents and the residency system, 1764-1858 / aNew DelhibOxford University Press c1998 aYMCA Library Building, Jai Singh RoadbNew Delhie110001 axv, 516p. :c21cm(pbk)bill. aIncludes bibliographical references and index  aColonial administrators aPolitics and government -- 1765-1947